| 000 | 00555nam a2200169 i 4500 | ||
|---|---|---|---|
| 001 | 99801 | ||
| 003 | ES-MaACL | ||
| 005 | 20230906182546.0 | ||
| 007 | t| | ||
| 008 | 050915s1973 sp ||||1| spa d | ||
| 100 | 1 |
_aMartínez Fernández, Jesús. _978080 |
|
| 245 | 1 | 0 |
_aNavia _b: una panorámica del concejo y de la villa a través de los tiempos / _cJesús Martínez Fernández. |
| 260 |
_aOviedo : _b[s.n.], _c1973 ( _f"La Cruz") |
||
| 300 |
_a65 p., 14 lám. ; _c25 cm. |
||
| 651 | 4 |
_aNavia- _xHistoria. _9169108 |
|
| 852 |
_aES-MaACL _jC-56254 _bR.88857 |
||
| 999 |
_c99801 _d99801 |
||